[Event "Biel GM 41st"]
[Site "Biel"]
[Date "2008.07.31"]
[Round "10"]
[White "Carlsen, Magnus"]
[Black "Onischuk, Alexander"]
[Result "1/2-1/2"]
[WhiteElo "2775"]
[BlackElo "2670"]
[PlyCount "71"]
[EventDate "2008.07.20"]
[EventType "tourn"]
[EventRounds "10"]
[EventCountry "SUI"]
[EventCategory "18"]
[SourceTitle "CBM 126"]
[Source "ChessBase"]
[SourceDate "2008.10.01"]
[SourceVersion "1"]
[SourceVersionDate "2008.10.01"]
[SourceQuality "1"]

1. e4 e5 2. Nf3 Nc6 3. Bb5 a6 4. Ba4 Nf6 5. O-O Be7 6. d3 d6 7. c3 O-O 8. Nbd2 Re8 9. Re1 Bf8 10. Nf1 h6 11. Ng3 b5 12. Bc2 d5 13. d4 dxe4 14. Nxe4 Bf5 15. Nxf6+ Qxf6 16. Nxe5 Nxe5 17. dxe5 Rxe5 18. Rxe5 Qxe5 19. Be3 Bxc2 20. Qxc2 Rd8 21. Rd1 Rxd1+ $146 ({RR} 21... Qe4 22. Qc1 Rxd1+ 23. Qxd1 Bd6 24. g3 Kh7 25. Bd4 f6 26. b3 Kg8 27. c4 bxc4 28. bxc4 Kf7 29. f3 Qc6 30. Qd3 Bc5 31. Bxc5 Qxc5+ 32. Kg2 Ke7 33. h4 Qd6 34. Qe3+ Qe5 35. Qd2 h5 36. a3 {Harikrishna,P (2752)-Dominguez Perez,L (2720) Baku 2016 ½-½ (44)}) 22. Qxd1 Bd6 23. g3 Qe4 24. Bd4 f5 25. a3 Be5 26. Bc5 Qc4 27. Ba7 Bf6 28. Kg2 c6 29. Be3 Qe4+ 30. Kg1 a5 31. Bf4 a4 32. h3 Qd5 33. Qe2 Qe4 34. Qd1 Qd5 35. Qe2 Qe4 36. Qd1 1/2-1/2

[Event "Grand Slam Final 1st"]
[Site "Bilbao"]
[Date "2008.09.03"]
[Round "2"]
[White "Ivanchuk, Vassily"]
[Black "Carlsen, Magnus"]
[Result "1/2-1/2"]
[WhiteElo "2781"]
[BlackElo "2775"]
[PlyCount "58"]
[EventDate "2008.09.02"]
[EventType "tourn"]
[EventRounds "10"]
[EventCountry "ESP"]
[EventCategory "21"]
[SourceTitle "CBM 126"]
[Source "ChessBase"]
[SourceDate "2008.10.01"]
[SourceVersion "1"]
[SourceVersionDate "2008.10.01"]
[SourceQuality "1"]

1. e4 c5 2. Nf3 d6 3. d4 cxd4 4. Nxd4 Nf6 5. Nc3 g6 6. Be3 Bg7 7. f3 Nc6 8. Qd2 O-O 9. Bc4 Bd7 10. O-O-O Rc8 11. Bb3 Ne5 12. Kb1 a6 13. Rhe1 b5 14. Bh6 Bxh6 15. Qxh6 Rxc3 16. bxc3 a5 17. f4 Neg4 18. Qh4 a4 19. Bxf7+ Rxf7 20. e5 Nd5 21. e6 Nxc3+ 22. Kc1 Bxe6 23. Nxe6 Qa5 24. Qxg4 Nxa2+ 25. Kb2 Qc3+ 26. Kxa2 Qxc2+ 27. Ka1 Qc3+ 28. Kb1 $146 ({RR} 28. Ka2) 28... Qb3+ 29. Ka1 Qc3+ 1/2-1/2

[Event "Grand Slam Final 1st"]
[Site "Bilbao"]
[Date "2008.09.05"]
[Round "4"]
[White "Carlsen, Magnus"]
[Black "Radjabov, Teimour"]
[Result "1-0"]
[WhiteElo "2775"]
[BlackElo "2744"]
[PlyCount "73"]
[EventDate "2008.09.02"]
[EventType "tourn"]
[EventRounds "10"]
[EventCountry "ESP"]
[EventCategory "21"]
[SourceTitle "CBM 126"]
[Source "ChessBase"]
[SourceDate "2008.10.01"]
[SourceVersion "1"]
[SourceVersionDate "2008.10.01"]
[SourceQuality "1"]

1. e4 c5 2. Nf3 d6 3. d4 cxd4 4. Nxd4 Nf6 5. Nc3 g6 6. Be3 Bg7 7. f3 O-O 8. Qd2 Nc6 9. Bc4 Bd7 10. O-O-O Rb8 11. Bb3 Na5 12. Kb1 b5 13. h4 Nc4 14. Bxc4 bxc4 15. Ka1 h5 16. Rb1 Qa5 ({RR} 16... Re8 17. Bh6 Bh8 18. g4 hxg4 19. h5 Qa5 20. hxg6 fxg6 21. Rh4 gxf3 22. Nxf3 Nxe4 23. Nxe4 c3 24. Nxc3 Rxb2 25. Kxb2 Bxc3+ 26. Qxc3 Rb8+ 27. Qb3+ Rxb3+ 28. axb3 e5 29. Rd1 Bc6 30. Ng5 d5 31. Rf1 {Efimenko,Z (2643)-Charbonneau,P (2509) Montreal 2005 1-0 (31)}) ({RR} 16... Kh7 17. Nde2 Qa5 18. a3 Rb7 19. Bd4 Rfb8 20. Qd1 Bc6 21. g4 hxg4 22. h5 g5 23. fxg4 e5 24. Be3 Nxe4 25. Nxe4 Bxe4 26. h6 Bh8 27. Ka2 Qa4 28. b3 cxb3+ 29. cxb3 Rxb3 30. Rxb3 Bxh1 31. Nc1 {Adhiraj Mitra (2064)-Harshit,R (2258) Guntur IND 2025 0-1 (31)}) 17. Bh6 Bxh6 18. Qxh6 Rb6 19. g4 $146 ({RR} 19. Qd2 Rfb8 20. Rhe1 Ra6 21. Re3 e5 22. Nde2 Be6 23. Nc1 Nd7 24. Qe1 Nc5 25. g3 Rbb6 26. Qd1 Bd7 27. Nd5 Nb3+ 28. Rxb3 cxb3 29. a3 bxc2 30. Qxc2 Rb7 31. Na2 Be6 32. Nac3 Kg7 33. Rd1 Qc5 {Mrdja,M (2392)-Armanda,I (2345) Zagreb 2010 0-1 (44)}) 19... hxg4 20. Qe3 Rfb8 21. h5 g5 22. fxg4 Nxg4 23. Qd2 f6 24. Nf3 Ra6 25. Rhg1 Rb4 26. a3 Be6 27. e5 dxe5 28. Nxg5 Bf5 29. Nge4 Kh7 30. Qe2 Nh6 31. Rg3 Be6 32. Rg6 Nf5 33. Qg4 Nh4 34. Ng5+ fxg5 35. Qxg5 Nxg6 36. Qxg6+ Kh8 37. Rg1 1-0

[Event "Grand Slam Final 1st"]
[Site "Bilbao"]
[Date "2008.09.06"]
[Round "5"]
[White "Anand, Viswanathan"]
[Black "Carlsen, Magnus"]
[Result "1/2-1/2"]
[WhiteElo "2798"]
[BlackElo "2775"]
[Annotator "Postny,Evgeny"]
[PlyCount "71"]
[EventDate "2008.09.02"]
[EventType "tourn"]
[EventRounds "10"]
[EventCountry "ESP"]
[EventCategory "21"]
[SourceTitle "CBM 126"]
[Source "ChessBase"]
[SourceDate "2008.10.01"]
[SourceVersion "1"]
[SourceVersionDate "2008.10.01"]
[SourceQuality "1"]

1. e4 e5 2. Nf3 Nc6 3. Bb5 f5 {I guess, this came as a total surprise for Vishy Anand as Magnus had never played the Jaenisch as Black.} 4. d3 fxe4 5. dxe4 Nf6 6. O-O Bc5 7. Bxc6 bxc6 8. Nxe5 O-O 9. Nc3 {Anand deviates from his game versus Radjabov, probably suspecting deep preparation by Magnus. The move in the text was played by Carlsen as White, once more versus Radjabov. All this adds even more interest to this encounter.} (9. Bg5 Qe8 $1 10. Bxf6 Rxf6 11. Nd3 Bd4 12. Nd2 (12. c3 Bb6 13. e5 $5 {This is my suggestion from a previous CBM, worth being tested in future games.} Rh6 14. Nd2 Ba6 15. c4 d5 16. Rc1 Rd8 17. Qe2 $14 {[%cal Gd3b4]}) 12... Ba6 13. Rb1 $6 (13. c4 c5 14. Rc1 $1 Bb7 15. Qe2 Qg6 16. Kh1 Re8 17. Rce1 d6 18. f3 {and Black still has to justify the pawn sacrifice.}) 13... d6 14. c4 c5 15. b4 Qf7 16. Kh1 Rf8 17. f4 Bxc4 18. Nxc4 Qxc4 $11 {½-½ Anand,V (2799)-Radjabov,T (2735)/Morelia/Linares MEX/ESP 2008/The Week in Chess 694 (22)}) 9... d6 10. Nd3 Bd4 {Black is hoping to compensate for the lack of a pawn by his pair of bishops and the opened f-file.} 11. Ne2 (11. Nb4 Bxc3 12. bxc3 c5 13. Nd5 Nxe4 14. f3 Nf6 15. Bg5 Be6 16. Bxf6 gxf6 $11) 11... Bb6 12. Bg5 ({Black keeps reasonable compensation also after} 12. Ng3 Ba6) 12... Qe8 13. Bxf6 Rxf6 14. Ng3 Qf7 {This novelty is the first choice of "Rybka". Even though, I am not sure that this is a real improvement over Radjabov's choice.} (14... Ba6 15. Kh1 Bxd3 16. cxd3 Rxf2 17. Rxf2 Bxf2 18. Nf5 Bb6 19. Qg4 (19. Qb3+ Kh8 20. Qc3 Qd7 $11) 19... Qf8 20. Rf1 g6 $11 {½-½ Carlsen,M (2690)-Radjabov,T (2729)/Monte Carlo 2007/CBM 117 ext (36)}) ({RR} 14... Ba6 15. Kh1 Bxd3 16. cxd3 Rxf2 17. Rxf2 Bxf2 18. Nf5 Bb6 19. Qg4 Qf8 20. Rf1 g6 21. Rf4 Kh8 22. Nd4 Qg7 23. Ne6 Qxb2 24. Rf1 Qe5 25. h4 Kg8 26. Ng5 Rf8 27. Rxf8+ Kxf8 28. Qf3+ Ke7 29. Qf7+ {Carlsen,M (2690)-Radjabov,T (2729) Monte Carlo 2007 ½-½ (36)}) ({RR} 14... Qg6 15. c4 Bg4 16. Qd2 h5 17. c5 dxc5 18. Ne5 Qh6 19. Qxh6 Rxh6 20. f3 Be6 21. Rfd1 h4 22. Ne2 h3 23. Nf4 c4+ 24. Kh1 hxg2+ 25. Kxg2 Rf8 26. Nfg6 Re8 27. f4 Bf7 28. f5 Bxg6 29. Nxg6 {Lagarde,M (2600)-Hacker,J (2391) Germany GER 2025 1-0 (44)}) 15. b3 $146 {Preparing to meet c8-a6 with c2-c4.} ({RR} 15. Kh1 Ba6 16. e5 Rh6 17. Qg4 dxe5 18. Nxe5 Qe6 19. Nf5 Rxh2+ 20. Kxh2 Qxe5+ 21. f4 Qf6 22. Rfe1 Rf8 23. Ne7+ Kh8 24. Re6 Qxb2 25. Rd1 Qxa2 26. Qf5 Ra8 27. Rh6 {1-0 (27) Piorun,K (2597)-Lagarde,M (2642) chess.com INT 2024}) ({RR} 15. Kh1 Ba6 16. e5 Rh6 17. Qg4 dxe5 18. Nxe5 Qe6 19. Nf5 Rxh2+ 20. Kxh2 Qxe5+ 21. f4 Qf6 22. Rfe1 Rf8 23. Ne7+ Kh8 24. Re6 Qxb2 25. Rd1 Qxa2 26. Qf5 Ra8 27. Rh6 {1-0 (27) Piorun,K (2597)-Lagarde,M (2642) chess.com INT 2024}) 15... Be6 16. Qd2 Rf8 17. Rae1 Rh6 18. Qc3 {Covering the f6-square is important against the transfer of Black's queen to the h-file.} (18. c4 $2 Qf6 {[%cal Gf6h4]} 19. h3 Bxh3 $1 20. gxh3 Qh4 21. Re3 Qxh3 22. Rfe1 Bd4 $1 $19 {[%cal Rh6g6,Rg6g3] White is simply helpless against the threat h6-g6-xg3.}) 18... Rf6 $6 (18... Qe7 $6 {[%cal Ge7h4]} 19. Nf5 Bxf5 20. exf5 Qh4 21. h3 $16) ({Worth consideration is:} 18... Qd7 $5 {with the idea 19...h3!}) 19. Re2 $2 {The reason for not capturing the c6 remains unclear for me.} (19. Qxc6 Bd7 (19... Bxf2+ 20. Nxf2 Rxf2 21. Nf5 Rxf1+ 22. Rxf1 $16) (19... h5 20. h3 h4 21. Nf5 Bd7 22. Qc3 Bxf5 23. exf5 Rxf5 24. Re2 $14) 20. Qc3 Rxf2 (20... h5 21. Nf5 Bxf5 22. exf5 Rxf5 23. Re2 $14) 21. Nxf2 Bxf2+ 22. Kh1 Bxe1 23. Qxe1 $16) 19... Bg4 20. Rd2 $2 {[%mdl 8192] And this is just a tactical oversight.} (20. Ree1 Rxf2 21. Nxf2 Bxf2+ 22. Kh1 Bxe1 23. Qxe1 Qe7 24. Rxf8+ Qxf8 25. h3 Bd7 26. Kh2 $11) {[%tqu "En","How can Black win material?","","","b6e3","The rook is trapped.",5]} 20... Be3 $1 {The rook is trapped.} 21. h3 Bxd2 22. Qxd2 Bc8 23. f4 h5 $1 {This pawn will kick away the white knight from g3 and the e4 will become a target.} 24. f5 h4 25. Ne2 Re8 $2 (25... d5 $2 26. Ne5 Qh5 27. Ng4 R6f7 28. Ne5 {and the rook can't escape.}) ({But, after the correct} 25... Qe7 $1 26. Nf2 (26. Qf4 Bxf5 $19) 26... d5 27. Ng4 R6f7 {Black's rook is getting the f7 square. Meanwhile, White's position in the centre is collapsing.}) 26. Nf2 d5 27. Ng4 Rxe4 28. Nxf6+ Qxf6 29. Nc1 Bxf5 $2 {Allows White to escape with a draw.} ({After} 29... Re5 $1 30. Nd3 Rxf5 {Black could still be a pawn up. It is difficult to say whether Black can win this or not but, his advantage is indisputable.}) 30. Qf2 {[%csl Ra7,Rf5] Double threat.} Bg6 31. Qxa7 Rf4 {Black does not have more than a draw now.} 32. Rxf4 Qxf4 33. Nd3 Bxd3 34. cxd3 Qc1+ 35. Kh2 Qf4+ 36. Kg1 {Not the best game from both brilliant players.} 1/2-1/2

[Event "Grand Slam Final 1st"]
[Site "Bilbao"]
[Date "2008.09.12"]
[Round "9"]
[White "Radjabov, Teimour"]
[Black "Carlsen, Magnus"]
[Result "1/2-1/2"]
[WhiteElo "2744"]
[BlackElo "2775"]
[PlyCount "106"]
[EventDate "2008.09.02"]
[EventType "tourn"]
[EventRounds "10"]
[EventCountry "ESP"]
[EventCategory "21"]
[SourceTitle "CBM 126"]
[Source "ChessBase"]
[SourceDate "2008.10.01"]
[SourceVersion "1"]
[SourceVersionDate "2008.10.01"]
[SourceQuality "1"]

1. e4 c6 2. d4 d5 3. e5 c5 4. Nf3 cxd4 5. Nxd4 e6 6. Nd2 Nc6 7. N2f3 Nge7 8. Bd3 ({RR} 8. Nxc6 Nxc6 9. Bd3 Nb4 10. h4 Bd7 11. h5 h6 12. Be2 Qc7 13. c3 Nc6 14. Bf4 f6 15. Bb5 Nxe5 16. Bxe5 fxe5 17. Bxd7+ Kxd7 18. Qa4+ Kd8 19. Qg4 Qd6 20. O-O-O Be7 21. Qxg7 Kc7 22. Qxe5 Qxe5 {Maghsoodloo,P (2701)-Jumabayev,R (2631) Abu Dhabi 2021 1-0 (38)}) 8... Bd7 ({RR} 8... Nxd4 9. Nxd4 Nc6 10. Nxc6 bxc6 11. O-O a5 12. Qe2 Qb6 13. c4 Ba6 14. Be3 Bc5 15. Bxc5 Qxc5 16. Rac1 Qb6 17. Rc2 O-O 18. Rfc1 h6 19. b3 a4 20. bxa4 Qa5 21. h3 Qxa4 22. Qe3 Bxc4 23. Bxc4 {Blomqvist,E (2486)-Seo,J (2480) Uppsala SWE 2025 ½-½}) 9. O-O Ng6 $146 ({RR} 9... Nxd4 10. Nxd4 Nc6 11. Nxc6 Bxc6 12. Qg4 Qc7 13. Re1 g6 14. Be3 Be7 15. Bd4 Qd7 16. c3 Bb5 17. Bc2 Qc7 18. a4 Bd7 19. Re3 Bc5 20. Bxc5 Qxc5 21. Rf3 Rc8 22. Qf4 Qe7 23. Rd1 Rc4 24. Rd4 {Gumularz,S (2473)-Serarols Mabras,B (2363) Skopje 2019 1-0 (37)}) 10. Nxc6 bxc6 11. c4 Be7 12. Be3 Qb8 13. Bxg6 hxg6 14. Qc2 a5 15. Rfc1 O-O 16. Qe2 Rc8 17. Rc3 Qc7 18. Rac1 Qd8 19. a3 dxc4 20. Rd1 c5 21. Qxc4 Rab8 22. Rcd3 Rc7 23. R3d2 Qe8 24. Ng5 Ba4 25. Rc1 Bxg5 26. Bxg5 Qb5 27. Be3 Qxc4 28. Rxc4 Bb3 29. Rc3 a4 30. Bxc5 g5 31. f3 Kh7 32. Kf2 Rb5 33. Bd6 Rd7 34. Rcd3 Kg6 35. Rd4 f6 36. h3 Rd8 37. Kg3 Rd7 38. Kf2 Rd8 39. Re2 Rc8 40. Bb4 Rd5 41. Rxd5 Bxd5 42. Bc3 f5 43. Rd2 Rc4 44. Ke3 g4 45. hxg4 fxg4 46. Rd4 Rxd4 47. Bxd4 Kf5 48. Bc3 gxf3 49. gxf3 g5 50. Bd4 Bb3 51. Bc3 Bd5 52. Bd4 Bb3 53. Bc3 Bd5 1/2-1/2

[Event "Olympiad-38"]
[Site "Dresden"]
[Date "2008.11.13"]
[Round "1"]
[White "Carlsen, Magnus"]
[Black "Ragger, Markus"]
[Result "1-0"]
[WhiteElo "2786"]
[BlackElo "2518"]
[PlyCount "131"]
[EventDate "2008.11.13"]
[EventType "team-swiss"]
[EventRounds "11"]
[EventCountry "GER"]
[SourceTitle "CBM 128"]
[Source "ChessBase"]
[SourceDate "2009.01.28"]
[SourceVersion "1"]
[SourceVersionDate "2009.01.28"]
[SourceQuality "1"]
[WhiteTeam "Norway"]
[BlackTeam "Austria"]
[WhiteTeamCountry "NOR"]
[BlackTeamCountry "AUT"]

1. e4 {Ernst,Thomas} e5 2. Nf3 Nc6 3. Bb5 a6 4. Ba4 Nf6 5. O-O Be7 6. Re1 b5 7. Bb3 d6 8. c3 O-O 9. h3 Nb8 10. d4 Nbd7 11. Nbd2 Bb7 12. Bc2 Re8 13. a4 Bf8 14. Bd3 c6 15. b3 Qc7 ({RR} 15... g6 16. Ba3 ({RR} 16. Bb2 Bg7 ({RR} 16... exd4 17. cxd4 d5 18. e5 Nh5 19. Nf1 Nf4 20. Bc2 c5 21. dxc5 Nxc5) 17. Bf1 ({RR} 17. Qc2 Qb6 ({RR} 17... Rc8 18. c4 exd4 19. Bxd4 Nh5 20. Bxg7 Nxg7 21. b4 a5) ({RR} 17... Nh5 18. Bf1 Nf4 19. Rad1 ({RR} 19. Rab1 Ne6 20. Ba1 Qc7 21. b4 Rad8 22. Qa2) 19... Ne6) 18. b4 c5 19. bxc5 dxc5 20. dxe5 ({RR} 20. Nxe5 Nxe5 21. dxe5 Nd7 22. c4 b4 23. f4 g5) 20... Nh5) 17... Qb6 18. Qc2 Rac8 ({RR} 18... Nh5 19. b4 Nf4 20. dxe5 Nxe5 21. Nxe5 dxe5 22. c4) 19. Rad1 Nh5 20. b4) 16... Qc7 ({RR} 16... Nh5 17. Qc2 ({RR} 17. Bf1 Qb6 18. b4 Rad8 19. Bb2 c5) 17... Nf4 18. Bf1 Qc7 19. g3 Ne6 20. Bb2 Bg7 21. b4) 17. Qc2 Bg7 ({RR} 17... Rad8 18. Rab1 d5 19. Bxf8 Kxf8 20. b4 dxe4 21. Bxe4 exd4 22. cxd4) ({RR} 17... Rac8 18. Rab1 ({RR} 18. Rad1 Qb6 19. Bf1 c5 20. d5 Rb8) 18... Qb8 19. Qa2 Bg7 20. dxe5 dxe5 21. c4 Ba8 22. b4) 18. Rad1 ({RR} 18. Bf1 d5 19. exd5 Nxd5 20. c4 b4 21. cxd5 bxa3) ({RR} 18. Rab1 Rad8 19. Bf1 d5) 18... d5 19. exd5 Nxd5 20. Ne4 exd4 21. cxd4 b4 22. Bb2 a5 23. Bc4) ({RR} 15... Rb8 16. Ba3 Nh5 17. Bf1 Nf4 18. Qc2 Bc8) 16. Bb2 g6 17. Qc2 Bg7 18. Bf1 ({RR} 18. c4 bxa4 19. c5 axb3 20. Nxb3 Bf8 21. cxd6 Bxd6 22. dxe5 Nxe5 23. Nxe5 Bxe5 24. Nc5 Nd7 25. Nxb7 Qxb7 26. Reb1 Qc7 27. Bxe5 Qxe5 28. Rc1 c5 29. Ra5 Qd4 30. Rd1 Qb4 31. Ra4 Qb7 32. Rda1 Nb6 {Cahaya,S (2360)-Ervan,M (2383) Bandung INA 2025 ½-½ (36)}) 18... Rac8 19. Rad1 bxa4 $146 ({RR} 19... Qb8 20. Qb1 Re6 21. axb5 axb5 22. c4 bxc4 23. Bxc4 Re7 24. dxe5 dxe5 25. Ba3 c5 26. b4 Qa8 27. Qb3 h6 28. Nh4 Nf8 29. bxc5 Bc6 30. Ra1 Rd8 31. Bb2 Qc8 32. Qe3 Ne6 33. Nhf3 Nd7 34. Nb3 {Djukic,N (2567)-Hansen,E (2629) Batumi 2018 1-0 (42)}) ({RR} 19... Qb8 20. g3 Nf8 21. Bg2 Ne6 22. b4 Nd7 23. axb5 axb5 24. dxe5 Nxe5 25. Nd4 c5 26. bxc5 Nxc5 27. Re3 Nc4 28. Nxc4 bxc4 29. Ba3 Nd3 30. Rb1 Qa8 31. Nb5 d5 32. Nd6 d4 33. cxd4 Qxa3 34. Nxe8 {Ponomariov,R (2718)-Ivanchuk,V (2781) Moscow 2008 0-1 (36)}) ({RR} 19... Qb8 20. Qb1 Ba8 21. Qa2 Nh5 22. b4 Re7 23. c4 exd4 24. Bxd4 Bxd4 25. Nxd4 c5 26. Nc2 bxa4 27. Qxa4 cxb4 28. Nxb4 Nc5 29. Qa3 Qa7 ({RR} 29... Nxe4 30. Nxe4 Rxe4 31. Rxe4 Bxe4 32. Nxa6) 30. Re3 Rce8 31. Rde1 Nf6 ({RR} 31... Nxe4 32. Qxa6 Qxa6 33. Nxa6) 32. f3 h5 33. h4 Qb6 34. Kh1 {Steingrimsson,H (2420)-Hauchard,A (2450) Reykjavik 1993 CBM 035 [Ernst,Thomas] 1-0 (57)}) 20. bxa4 d5 21. dxe5 Nxe4 22. Nxe4 dxe4 23. Ng5 Rxe5 24. Bc1 Re7 25. Rxe4 Ne5 26. f4 h6 27. fxe5 hxg5 28. e6 f5 29. Ree1 Bf6 30. Bc4 Kg7 31. Qd3 Qa5 32. h4 gxh4 33. Qe3 g5 34. Rd7 Rce8 35. Rxe7+ Rxe7 36. Ba3 f4 37. Qd3 c5 38. Re2 f3 39. gxf3 Qc7 40. Qe3 h3 41. f4 Qxf4 42. Qxf4 gxf4 43. Bxc5 Re8 44. Bd4 Bc6 45. Kh2 Kg6 46. Bxa6 Bxa4 47. Bd3+ Kg5 48. Ra2 Bxd4 49. cxd4 Bb3 50. Ra5+ Kf6 51. Rf5+ Ke7 52. d5 Kd6 53. Be4 Re7 54. Bf3 Ra7 55. Kxh3 Rg7 56. Rxf4 Ba2 57. Kh4 Bb3 58. Rb4 Ba2 59. Rg4 Rxg4+ 60. Kxg4 Bb1 61. Kf4 Bh7 62. Bg2 Bg6 63. Kg5 Be8 64. Kf6 Bh5 65. Be4 Be8 66. Bf3 1-0

[Event "Olympiad-38"]
[Site "Dresden"]
[Date "2008.11.21"]
[Round "8"]
[White "Carlsen, Magnus"]
[Black "Navara, David"]
[Result "1-0"]
[WhiteElo "2786"]
[BlackElo "2633"]
[PlyCount "99"]
[EventDate "2008.11.13"]
[EventType "team-swiss"]
[EventRounds "11"]
[EventCountry "GER"]
[SourceTitle "CBM 128"]
[Source "ChessBase"]
[SourceDate "2009.01.28"]
[SourceVersion "1"]
[SourceVersionDate "2009.01.28"]
[SourceQuality "1"]
[WhiteTeam "Norway"]
[BlackTeam "Czech Republic"]
[WhiteTeamCountry "NOR"]
[BlackTeamCountry "CZE"]

1. e4 e5 2. Nf3 Nc6 3. Bb5 a6 4. Ba4 Nf6 5. O-O Be7 6. d3 d6 7. c3 O-O 8. Re1 Re8 9. Nbd2 Bf8 10. h3 b5 11. Bc2 Bb7 12. d4 g6 13. d5 Ne7 14. Nf1 Bg7 15. b3 Nxe4 16. Bxe4 f5 17. Bc2 Nxd5 $146 ({RR} 17... e4 18. Nd4 Nxd5 19. Ne2 Nxc3 20. Nxc3 Bxc3 21. Rb1 c5 22. Bb2 Bxb2 23. Rxb2 d5 24. Qc1 d4 25. Bd1 Qd6 26. Rc2 Rac8 27. Qg5 Qe5 28. h4 f4 29. Bg4 Qxg5 30. hxg5 Rc7 31. Rd1 d3 32. Rc3 {Geller,E (2540)-Eingorn,V (2525) Riga 1985 0-1 (46)}) 18. b4 Nxc3 19. Bb3+ d5 20. Qc2 Ne4 21. Rxe4 fxe4 22. Ng5 a5 23. bxa5 Rxa5 24. Nxe4 Kh8 25. Bg5 Qc8 26. Nf6 Rd8 27. Ne3 e4 28. Rc1 h6 29. Nxe4 dxe4 30. Bxd8 Qxd8 31. Qxc7 Qxc7 32. Rxc7 Ba6 33. Nd5 b4 34. Ra7 Bd4 35. Ra8+ Kh7 36. Nxb4 Rf5 37. Rxa6 Rxf2 38. Rd6 Rd2+ 39. Kf1 e3 40. Rxd4 Rxd4 41. Nd5 Rd3 42. Ke1 h5 43. Bc4 Rd4 44. Nxe3 Kh6 45. a4 Kg5 46. a5 Kf4 47. Kf2 Rd2+ 48. Be2 Ke4 49. a6 Ra2 50. h4 1-0

[Event "Olympiad-38"]
[Site "Dresden"]
[Date "2008.11.22"]
[Round "9"]
[White "Carlsen, Magnus"]
[Black "Beliavsky, Alexander G"]
[Result "1/2-1/2"]
[WhiteElo "2786"]
[BlackElo "2619"]
[PlyCount "161"]
[EventDate "2008.11.13"]
[EventType "team-swiss"]
[EventRounds "11"]
[EventCountry "GER"]
[SourceTitle "CBM 128"]
[Source "ChessBase"]
[SourceDate "2009.01.28"]
[SourceVersion "1"]
[SourceVersionDate "2009.01.28"]
[SourceQuality "1"]
[WhiteTeam "Norway"]
[BlackTeam "Slovenia"]
[WhiteTeamCountry "NOR"]
[BlackTeamCountry "SLO"]

1. e4 e5 2. Nf3 Nc6 3. Bb5 a6 4. Ba4 Nf6 5. O-O Be7 6. d3 d6 7. c3 O-O 8. Re1 Bg4 9. h3 Bh5 10. Nbd2 Nd7 11. Nf1 Nc5 12. Bxc6 ({RR} 12. Bc2 Ne6 13. Ng3 Bxf3 14. Qxf3 Bg5 15. Be3 g6 16. b4 Kh8 17. Bb3 Ng7 18. Bd5 f5 19. exf5 gxf5 20. Bxg5 Qxg5 21. a4 e4 22. dxe4 Ne5 23. Qd1 f4 24. Nf1 f3 25. g3 Nh5 26. Qc1 Nf4 {Suleymanli,A (2632)-Aravindh,C (2698) Shusha AZE 2024 0-1}) 12... bxc6 13. g4 ({RR} 13. Ng3 Bg6 14. d4 exd4 15. cxd4 Ne6 16. Be3 d5 17. Ne5 dxe4 18. Nxc6 Qd7 19. d5 Bf6 20. dxe6 Qxc6 21. exf7+ Rxf7 22. Rc1 Qe6 23. b3 Be5 24. Qc2 Bd6 25. Qc6 Raf8 26. Qxa6 Qe5 27. Qc4 h5 {Tarigan,G (2416)-Priasmoro,N (2437) Bandung INA 2025 ½-½ (32)}) 13... Bg6 14. Ng3 Ne6 $146 ({RR} 14... f6 15. d4 Nd7 16. Be3 Kh8 17. c4 Rb8 18. b3 d5 19. exd5 cxd5 20. cxd5 Rb5 21. Qe2 Qa8 22. Rad1 Rxd5 23. dxe5 Rxd1 24. Rxd1 Nxe5 25. Nxe5 fxe5 26. Qc4 {½-½ (26) Jansa,V (2515)-Stocek,J (2586) Karlovy Vary 2005}) ({RR} 14... f6 15. Nf5 d5 16. Qe2 Re8 17. b3 Bf8 18. N3h4 Bf7 19. Ng3 a5 20. Nhf5 Ne6 21. Be3 a4 22. Qc2 axb3 23. axb3 Qb8 24. Rxa8 Qxa8 25. Qb2 Rb8 26. Ra1 Qb7 27. b4 c5 28. b5 d4 29. Bd2 {Jaracz,B (2282)-Hladik,J (2200) Pardubice 2006 ½-½ (42)}) 15. Kg2 c5 16. Rh1 f6 17. h4 d5 18. c4 dxe4 19. dxe4 Qxd1 20. Rxd1 Rfd8 21. Be3 Nd4 22. Rd2 Bf7 23. Rc1 Rab8 24. Ne1 a5 25. Nd3 Be6 26. f3 a4 27. Nf5 Bf8 28. Bf2 Nc6 29. Rcc2 Bf7 30. Ne3 Nd4 31. Rc1 Ne6 32. Rcd1 Rd4 33. Kh2 Rbd8 34. Nd5 Rxc4 35. b3 axb3 36. axb3 Rd4 37. Bxd4 Nxd4 38. Kg2 Nxb3 39. Rb2 c6 40. Ne3 c4 41. Nf2 Nd4 42. Rb7 c3 43. Rd3 c2 44. Nxc2 c5 45. Rd2 Ra8 46. Ne3 c4 47. Nfd1 Ne6 48. Rdb2 h5 49. Rb8 Ra3 50. Rc8 hxg4 51. fxg4 Kh7 52. Rb7 Bg6 53. Rxc4 Nc5 54. Rbb4 Ra2+ 55. Kg3 Rd2 56. h5 Bf7 57. Rc2 Rd4 58. Rxd4 exd4 59. Nf5 d3 60. Rb2 Nxe4+ 61. Kf4 Nc5 62. Nf2 g6 63. hxg6+ Kxg6 64. Ke3 Be6 65. Nh4+ Kg5 66. Nf3+ Kg6 67. Rb6 Kf7 68. Rc6 Bd7 69. Rc7 Ke8 70. Nd4 Bh6+ 71. Kf3 Ne6 72. Nxe6 Bxe6 73. Nxd3 f5 74. gxf5 Bxf5 75. Ne5 Bf8 76. Ra7 Bd6 77. Nc4 Bh2 78. Ne3 Bd7 79. Ke4 Bg1 80. Ra8+ Kf7 81. Ra7 1/2-1/2